Представление документа в формате RUSMARC

ПолеНазваниеЗначение
  Тип записи a
  Библиографический уровень a
001 Контрольный номер UONB/MAIN/d4659d479d174108bf1f0a453d96b75f
005 Дата корректировки 20260508154907.6
100 Данные общей обработки __
a Данные общей обработки 20260508 ||| 0rusy0189 ca
101 Язык документа 0_
a Язык текста rus
102 Страна публикации __
a Страна публикации RU
200 Заглавие и сведения об ответственности 1_
a Заглавие "Уйсас" отметил юбилей
203 Вид содержания и тип средства __
a Вид содержания Текст
b Характеристика содержания визуальный
c Тип средства непосредственный
215 Физическое описание __
c Иллюстрации/тип воспроизводства ил., портр.
330 Аннотация __
a Аннотация В селе Большое Нагаткино прошел юбилейный концерт ансамбля чувашской песни "Уйсас".
461 Уровень набора _0
1 2000
a Цильнинские новости
463 Уровень физической единицы _0
1 2000
a № 17 (1388) (29 апреля)
v С. 5
1 2101
d 2026
1 001UONB/MAIN/d7a72bb4960c46cab76b5d9d0b0f2d08
600 Персоналии _1
a Персоналии (Фамилия) Сибирякова
b Персоналии (Имя, инициалы) Л. Т.
g Полное имя Лидия Терентьевна
600 Персоналии _1
a Персоналии (Фамилия) Мускин
b Персоналии (Имя, инициалы) Н.
g Полное имя Николай
607 Географические рубрики __
a Географическое наименование Большое Нагаткино, село (Цильнинский район ; Ульяновская область)
610 Ключевые слова 0_
a Ключевые слова ансамбли песни; творческие коллективы; концерты; музыканты; певцы
686 Индексы других классификаций __
a Классификационный индекс 85.313.0-68
2 Код системы rubbk
801 Источник записи _0
a Страна RU
b Организация Ульяновская ОНБ
c Дата составления 20260508
g Правила каталогизации RCR
801 Источник записи _1
a Страна RU
b Организация Ульяновская ОНБ
c Дата составления 20260508
g Правила каталогизации RCR
901 Тип документа __
t Тип документа f
w Контрольный № источника UONB/MAIN/d7a72bb4960c46cab76b5d9d0b0f2d08
909 Создатель записи __
a Создатель записи Логинова
b Дата создания записи 20260508